000 00293nam a22001337a 4500
008 190129b xxu||||| |||| 00| 0 eng d
020 _a9783836541022
041 _aeng
080 _a701
100 _a45
101 _aART
245 _a20th Century Photography
_cLudwig,M
942 _2udc
_cBK
999 _c53854
_d53854